A selection of poems and letters
Uloženo v:
| Hlavní autor: | |
|---|---|
| Médium: | Kniha |
| Jazyk: | angličtina |
| Vydáno: |
Harmondsworth
Penguin Books
1958
|
| Vydání: | 1a. ed |
| Témata: | |
| Tagy: |
Přidat tag
Žádné tagy, Buďte první, kdo vytvoří štítek k tomuto záznamu!
|
MARC
| LEADER | 00000cam a2200000 a 4500 | ||
|---|---|---|---|
| 001 | UCD8006 | ||
| 003 | CL-VaPUC | ||
| 008 | 170422e19580000uk |||||||||||||||||eng|d | ||
| 082 | 0 | 4 | |a 821 |b BLA |2 21 |
| 100 | 0 | |a Blake, William |e author |9 265754 | |
| 245 | 1 | 2 | |a A selection of poems and letters |
| 250 | |a 1a. ed | ||
| 300 | |a 251 p | ||
| 942 | |c BK | ||
| 945 | |d 20170422 00:05:00 |a dcastane | ||
| 260 | |a Harmondsworth |b Penguin Books |c 1958 | ||
| 650 | 0 | |a Poesías inglesas |9 265094 | |
| 650 | 0 | |a Literatura inglesa |9 312907 | |
| 583 | |a last modification |c 20170422 00:05:00 |k Rodrigo Vera | ||
| 999 | |c 367787 |d 367785 | ||
| 952 | |0 0 |1 0 |3 erb |4 0 |6 821_000000000000000_BLA_1958 |7 0 |8 P |9 482867 |a BIBEDU |b BIBEDU |c BIBEDU_PB |i 5389682 |o 821 BLA 1958 |p 5389682 |r 2024-01-25 |w 2019-11-24 |y BK |z Catalogado en:20170422 |k LIT | ||